Aprendizaje y desarrollo de las competencias
Enregistré dans:
| Auteur principal: | |
|---|---|
| Format: | Livre |
| Langue: | espagnol |
| Publié: |
Bogotá
Magisterio
2005
|
| Édition: | 1a. ed |
| Collection: | Aula Abierta
|
| Sujets: | |
| Tags: |
Ajouter un tag
Pas de tags, Soyez le premier à ajouter un tag!
|
MARC
| LEADER | 00000cam a2200000 a 4500 | ||
|---|---|---|---|
| 001 | UCI3038 | ||
| 003 | CL-VaPUC | ||
| 008 | 071012e20050000CK |||||||||||||||||spa|d | ||
| 020 | |a 9582007230 | ||
| 082 | 0 | 4 | |a 378.16 |b MON |2 21 |
| 100 | |a Montenegro A., Ignacio Abdón |e autor |9 524370 | ||
| 245 | 1 | 0 | |a Aprendizaje y desarrollo de las competencias |
| 250 | |a 1a. ed | ||
| 300 | |a 154 p | ||
| 942 | |c BK | ||
| 945 | |d 20071012 00:00:00 |a rbrito | ||
| 260 | |a Bogotá |b Magisterio |c 2005 | ||
| 650 | 0 | |a Evaluación por competencias |9 524371 | |
| 650 | 0 | |a Educación superior |9 223851 | |
| 650 | 0 | |a Métodos de enseñanza |9 270413 | |
| 583 | |a last modification |c 20121227 03:54:13 |k Rodrigo Vera | ||
| 490 | 0 | |a Aula Abierta | |
| 999 | |c 327433 |d 327431 | ||
| 952 | |0 0 |1 0 |4 0 |6 378_160000000000000_MON_2005 |7 0 |8 A |9 410260 |a BIBEDU |b BIBEDU |d 2019-11-22 |i 4378776 |o 378.16 MON 2005 |p 4378776 |r 2019-11-22 |w 2019-11-22 |y BK |k EPE | ||